| 000 | 01204cab a22002175a 4500 | ||
|---|---|---|---|
| 001 | L143054 | ||
| 008 | 080404s2008 xxkd f s 000 0 eng d | ||
| 035 | _a(Sirsi) u143054 | ||
| 041 | 0 | _aeng | |
| 100 | 1 | _aCallender, Mark | |
| 245 | 0 | 0 | _aRisk reduction and diversification in UK commercial property portfolios |
| 260 | _c2008 | ||
| 490 | 0 |
_aJournal of Property Research _v24(4) 2008, 355-375(21) |
|
| 520 | _aReports results from tests of risk reduction and diversification in direct real estate investment portfolios using the records from over 10 000 companies. Provides estimates of the diversification gains possible to individual fund managers. Quantifies the number of assets and the amount of money needed to construct both balanced and specialist property portfolios by direct investment. Shows that a large measure of risk reduction can be achieved with portfolios of 30-50 properties, but full diversification of specific risk can only be achieved in very large portfolios. | ||
| 590 | _aKA | ||
| 651 | 4 |
_aUnited Kingdom _y |
|
| 690 | _aPROPERTY-COMMERCIAL PROPERTY-COMMERCIAL PROPERTY FINANCE AND INVESTMENT | ||
| 700 | 1 | _aDevaney, Steven | |
| 700 | 1 | _aSheahan, Angela | |
| 942 | _n0 | ||
| 999 |
_c80043 _d80043 |
||